Catálogo de las obras existentes en la Biblioteca de la Dirección General de Administración Militar. (Record no. 43414)

MARC details
000 -LEADER
campo de control de longitud fija 00490nam a2200145 i 4500
001 - NÚMERO DE CONTROL
campo de control 43414
003 - IDENTIFICADOR DE NÚMERO DE CONTROL
campo de control ES-MaACL
007 - CAMPO FIJO DE DESCRIPCIÓN FÍSICA--INFORMACIÓN GENERAL
campo de control de longitud fija t|
008 - DATOS DE LONGITUD FIJA--INFORMACIÓN GENERAL
campo de control de longitud fija 030317s1888 sp ||||1| spa d
245 00 - MENCIÓN DEL TÍTULO
Título Catálogo de las obras existentes en la Biblioteca de la Dirección General de Administración Militar.
260 ## - PUBLICACIÓN, DISTRIBUCIÓN, ETC.
Lugar de publicación, distribución, etc. Madrid :
Nombre del editor, distribuidor, etc. Administración Militar,
Fecha de publicación, distribución, etc. 1888.
300 ## - DESCRIPCIÓN FÍSICA
Extensión 144 p. ;
Dimensiones 17 cm.
710 1# - ENTRADA AGREGADA--NOMBRE DE ENTIDAD CORPORATIVA
Nombre de entidad corporativa o nombre de jurisdicción como elemento de entrada España.
Unidad subordinada Dirección General de Administración Militar.
9 (RLIN) 3697
852 ## - LOCALIZACIÓN
Ubicación ES-MaACL
Número de control de estantería G-13929
Holdings
Estatus retirado Estado de pérdida Estado de daño No para préstamo Colección Biblioteca de origen Biblioteca actual Ubicación en estantería Fecha de adquisición Fuente de adquisición Total de préstamos Signatura topográfica completa Código de barras Visto por última vez Precio de reemplazo Tipo de ítem Koha
        Libros del s. XIX Biblioteca del Ateneo de Madrid Biblioteca del Ateneo de Madrid Sala Pecera Planta 3 17/01/2008     G-13929 1045703 23/02/2023 23/02/2023 Libro impreso antiguo